000 01115nam a22003857a 4500
001 BR8602804
003 BR-BrBNA
005 20230928092258.0
007 ta
008 230509b bl.||||| |||| 00| 0 por d
040 _aBR-BrBNA
_bpor
_cBiblioteca Nacional de Agricultura
041 _a(Por)
072 _aF01; F04; E16
_b2120
_b/G514
090 _ 2120 BR8602804
110 1 _aInstituto Brasileiro do Cafe, Rio de Janeiro, RJ (Brasil)
_95880
245 1 _aCultura de cafe no Brasil. Pequeno manual de recomendacoes [Coffea spp. pratica cultural]
246 1 _a[Coffee crop in Brazil. Small handbook of recommendations]
260 3 _aRio de Janeiro, RJ (Brasil):
_c1986.
300 _a215 p.
500 _a30 illus.
650 _aCAFE
650 _aVARIEDADE
650 _aCLIMA
650 _aFENOLOGIA
650 _aBOTANICA
650 _aDEFESA VEGETAL
650 _aPLANTIO
650 _aCONSERVACAO DO SOLO
650 _aADUBACAO
650 _aARMAZENAMENTO
650 _aCUSTO DE PRODUCAO
650 _aANALISE ECONOMICA
909 _a202309
_bLucia
_c55
_dLucia Elande
942 _cBK
999 _c38073
_d38073